000 00522nam a22001817a 4500
003 SISC
005 20160404144533.0
008 130903t xxu||||| |||| 00| 0 eng d
022 _201172840
050 _aHM 36
_b.Se464 1998
082 _aHS 398
_bSe4 1992
245 _aSelected papers on Bikol studies
_bthe journal of history
260 _aQuezon City :
_bPhilippine National Historical Society,
_c1998.
300 _a181 p.;
_c23 cm.
650 _aFolklore, Bicol
_916306
942 _2lcc
_cBK
999 _c10251
_d10251